Appellation Champagne - Statistiques

Statistiques générales
  • Ce quiz a été pris 56 fois
    22 depuis la dernière actualisation
  • Le résultat moyen est 6 sur 16
Statistiques - réponses
Couleur/Taille Appellation % Correct
3 Jéroboam
75%
1.5 Magnum
75%
0.75 Bouteille
69%
0.375 Demi-bouteille
69%
6 Mathusalem
63%
B, Rosé Champagne
56%
9 Salmanazar
44%
12 Balthazar
38%
R,R,B Coteaux Champenois
31%
15 Nabuchodonosor
31%
0.20 Quart
31%
Rosé Rosé-des-Riceys
31%
18 Salomon
6%
30 Melchisédech
0%
27 Primat
0%
26.25 Souverain
0%
Aucun quiz correspondant
Distribution des résultats
% des personnes avec chaque résultat
Percentile par nombre de réponses
Votre historique - résultats
Vous n’avez pas pris ce quiz depuis la dernière actualisation